000
00279nam a2200109Ia 4500
008
230907s9999||||xx |||||||||||||| ||und||
082
_a
621.31244
_b
MAT
245
0
_a
Materials challenges :
260
_a
Cambrdige ,
_b
Cambridge :
_c
2015
300
_a
xii, 343 pages :
942
_c
BK
999
_c
597961
_d
597961